Tratado del juicio ejecutivo

Bewaard in:
Bibliografische gegevens
Hoofdauteur: Gruss Mayers, Guillermo (Auteur)
Formaat: Boek
Taal:Spaans
Gepubliceerd in: Santiago El Jurista 2011
Editie:3a. ed
Reeks:Derecho Comparado-Jurisprudencia-Doctrina
Onderwerpen:
Tags: Voeg label toe
Geen labels, Wees de eerste die dit record labelt!

MARC

LEADER 00000cam a2200000 a 4500
001 UCF0119
003 CL-VaPUC
008 120427e20110500CL |||||||||||||||||spa|d
020 |a 9789568839147o.c 
020 |a 9789568839154t.1 
020 |a 9789568839161t.2 
020 |a 9789568839178t.3 
020 |a 9789568839437t.4 
020 |a 9789568839444t.5 
020 |a 9789568839147t.6 
082 0 4 |a 347.07  |b GRU  |2 21 
100 |a Gruss Mayers, Guillermo  |e author  |9 740592 
245 1 0 |a Tratado del juicio ejecutivo 
250 |a 3a. ed 
300 |a t 
942 |c BK 
945 |d 20120427 00:00:00  |a dcastane 
260 |a Santiago  |b El Jurista  |c 2011 
500 |a t.1: Juicio ejecutivo: en el juicio ejecutivo de obligaciones de dar en dinero 
500 |a t.2: Teoría general de la ejecución y del remate judicial de inmuebles: en el juicio ejecutivo de obligaciones de dar en dinero 
500 |a t.3: Las excepciones en el juicio ejecutivo: juicio ejecutivo ordinario 
500 |a t.4: La falta de capacidad del demandante o de personería 
500 |a t.5: Falta de representación legal del que comparezca en nombre del demandante 
500 |a t.6: Las excepciones en el juicio ejecutivo. Litis pendencia. La ineptitud del libelo 
650 0 |a Juicio ejecutivo  |9 254866 
650 7 |a EJECUCION  |2 CL-VaPUC  |9 258070 
650 0 |a Derecho procesal civil  |9 258071 
651 7 |a CHILE  |2 CL-VaPUC  |9 561951 
583 |a last modification  |c 20130711 01:52:01  |k Rodrigo Vera 
490 0 |a Derecho Comparado-Jurisprudencia-Doctrina 
999 |c 347600  |d 347598 
952 |0 0  |1 0  |4 0  |6 347_070000000000000_GRU_2011  |7 0  |8 A  |9 449051  |a BIBDER  |b BIBDER  |d 2019-11-22  |h t.1  |i 4857321  |l 2  |o 347.07 GRU 2011  |p 4857321  |r 2024-05-23  |s 2024-05-16  |w 2019-11-22  |y BK  |k DER 
952 |0 0  |1 0  |4 0  |6 347_070000000000000_GRU_2011  |7 0  |8 A  |9 449052  |a BIBDER  |b BIBDER  |d 2019-11-22  |h t.2  |i 485733K  |l 1  |o 347.07 GRU 2011  |p 485733K  |r 2024-05-23  |s 2024-05-16  |w 2019-11-22  |y BK  |k DER 
952 |0 0  |1 0  |4 0  |6 347_070000000000000_GRU_2011  |7 0  |8 A  |9 449053  |a BIBDER  |b BIBDER  |d 2019-11-22  |h t.3  |i 4857348  |o 347.07 GRU 2011  |p 4857348  |r 2023-01-25  |w 2019-11-22  |y BK  |k DER 
952 |0 0  |1 0  |4 0  |6 347_070000000000000_GRU_2011  |7 0  |8 A  |9 449054  |a BIBDER  |b BIBDER  |d 2019-11-22  |h t.4  |i 4978390  |o 347.07 GRU 2011  |p 4978390  |r 2023-01-25  |w 2019-11-22  |y BK  |k DER 
952 |0 0  |1 0  |4 0  |6 347_070000000000000_GRU_2011  |7 0  |8 A  |9 449055  |a BIBDER  |b BIBDER  |d 2019-11-22  |h t.5  |i 4978404  |o 347.07 GRU 2011  |p 4978404  |r 2023-01-25  |w 2019-11-22  |y BK  |k DER 
952 |0 0  |1 0  |4 0  |6 347_070000000000000_GRU_2011  |7 0  |8 A  |9 449056  |a BIBDER  |b BIBDER  |d 2019-11-22  |h t.6  |i 4989872  |o 347.07 GRU 2011  |p 4989872  |r 2023-01-25  |w 2019-11-22  |y BK  |k DER